00463nam a2200133Ia 45000010005000000080041000050200022000460820021000681000098000892450086001872600014002739010027002879990015003142465241024s9999 xx 000 0 und d a978-92-75-31684-9 aRD/614.514/R426c aRepública Dominicana.Ministerio de Salud Pública. Organización Panamericana de la Salud 0aCólera en República Dominicana. Lecciones aprendidas una año de la epidemia bOPSc2012 a12/9/2012 2:06:41 p.m. c8076d8076